Comportamiento organizacional

Na minha lista:
Detalhes bibliográficos
Autor principal: Gordon, Judith R (Author)
Formato: Livro
Idioma:espanhol
Publicado em: Ciudad de México Prentice-Hall Hispanoamericana 1997
Edição:1a. ed
Assuntos:
Tags: Adicionar Tag
Sem tags, seja o primeiro a adicionar uma tag!

MARC

LEADER 00000cam a2200000 a 4500
001 UCR5930
003 CL-VaPUC
008 980403e19970000MX |||||||||||||||||spa|d
020 |a 9688809462 
082 0 4 |a 658.1  |b GOR  |2 21 
100 0 |a Gordon, Judith R  |e author  |9 406909 
245 1 0 |a Comportamiento organizacional 
250 |a 1a. ed 
300 |a 762 p 
942 |c BK 
945 |d 19980403 00:00:00  |a rleighto 
260 |a Ciudad de México  |b Prentice-Hall Hispanoamericana  |c 1997 
650 0 |a Comportamiento organizacional   |9 311858 
650 0 |a Recursos humanos   |9 228420 
650 0 |a Liderazgo  |9 271835 
650 7 |a COMPORTAMIENTO DE GRUPOS  |2 CL-VaPUC  |9 345252 
583 |a last modification  |c 20170224 11:09:27  |k Rodrigo Vera 
999 |c 268271  |d 268269 
952 |0 0  |1 0  |4 0  |6 658_100000000000000_GOR_1997  |7 0  |8 A  |9 301260  |a BIBENE  |b BIBENE  |d 2019-11-20  |i 3407845  |o 658.1 GOR 1997  |p 3407845  |r 2025-01-15  |w 2019-11-20  |y BK  |k ICO 
952 |0 0  |1 0  |4 0  |6 658_100000000000000_GOR_1997  |7 0  |8 A  |9 301261  |a BIBENE  |b BIBENE  |d 2019-11-20  |i 3563421  |o 658.1 GOR 1997  |p 3563421  |r 2025-01-15  |w 2019-11-20  |y BK  |k ICO 
952 |0 0  |1 0  |4 0  |6 658_100000000000000_GOR_1997  |7 0  |8 A  |9 301262  |a BIBENE  |b BIBENE  |d 2019-11-20  |i 3571602  |o 658.1 GOR 1997  |p 3571602  |r 2025-01-15  |w 2019-11-20  |y BK  |k ICO 
952 |0 0  |1 0  |4 0  |6 658_100000000000000_GOR_1997  |7 0  |8 A  |9 301263  |a BIBENE  |b BIBENE  |d 2019-11-20  |i 3630331  |o 658.1 GOR 1997  |p 3630331  |r 2025-01-15  |w 2019-11-20  |y BK  |k ICO 
952 |0 0  |1 0  |3 erb  |4 0  |6 658_100000000000000_GOR_1997  |7 0  |8 A  |9 301264  |a BIBENE  |b BIBENE  |i 5328152  |o 658.1 GOR 1997  |p 5328152  |r 2025-01-15  |w 2019-11-20  |y BK  |z Catalogado en:20170226  |k ICO